[Event "EYCC Open-U14 2019"]
[Site "Bratislava"]
[Date "2019.08.10"]
[Round "9.18"]
[White "Wernberg, Hugo"]
[Black "Razafindratsima, Timothe"]
[Result "0-1"]
[WhiteElo "1963"]
[BlackElo "2178"]
[Annotator "NA"]
[PlyCount "104"]
[EventDate "2019.08.02"]
[EventType "swiss"]
[EventCountry "SVK"]
[SourceTitle "playchess.com"]
[Source "ChessBase"]
[SourceQuality "1"]
[TimeControl "40/5400+30:1800+30"]

1. e4 {[%emt 0:00:00]} c5 {[%emt 0:00:00]} 2. Nf3 {[%emt 0:00:00]} d6 {[%emt 0:00:00]} 3. d4 {[%emt 0:00:00]} cxd4 {[%emt 0:00:00]} 4. Nxd4 {[%emt 0:00:04]} Nf6 {[%emt 0:00:00]} 5. Nc3 {[%emt 0:00:12]} a6 {[%emt 0:00:00]} 6. Bg5 {[%emt 0:00:16]} Nbd7 {[%emt 0:00:00]} 7. Qe2 {[%emt 0:00:32]} e5 {[%emt 0:01:26]} 8. Nf5 {[%emt 0:01:25]} h6 {[%emt 0:00:28]} 9. Bxf6 {[%emt 0:01:32]} Nxf6 {[%emt 0:00:05]} 10. Ne3 {[%emt 0:00:23]} Be7 {[%emt 0:01:38]} 11. O-O-O {[%emt 0:01:24]} Be6 {[%emt 0:00:09]} 12. Ned5 {[%emt 0:10:28]} O-O {[%emt 0:00:49]} 13. g3 {[%emt 0:03:28]} b5 {[%emt 0:06:44]} 14. Qd2 {[%emt 0:05:11]} b4 {[%emt 0:10:18]} 15. Nxf6+ {[%emt 0:00:50]} Bxf6 {[%emt 0:00:15]} 16. Nd5 {[%emt 0:00:20]} Bxd5 {[%emt 0:00:30]} 17. Qxd5 {[%emt 0:00:18]} Qb6 {[%emt 0:00:24]} 18. Bc4 {[%emt 0:10:06]} a5 {[%emt 0:11:23]} 19. Rhf1 {[%emt 0:02:54]} Qc7 {[%emt 0:03:53]} 20. b3 {[%emt 0:02:32]} Rfd8 {[%emt 0:01:35]} 21. Kb1 {[%emt 0:04:11]} a4 {[%emt 0:02:02]} 22. Rd2 {[%emt 0:17:50]} Ra5 {[%emt 0:08:38]} 23. Qd3 {[%emt 0:00:45]} axb3 {[%emt 0:13:27]} 24. cxb3 {[%emt 0:00:36]} Qa7 {[%emt 0:01:53]} 25. Qe2 {[%emt 0:03:04]} Rc5 {[%emt 0:03:03]} 26. Rfd1 {[%emt 0:02:23]} Rc6 {[%emt 0:01:21]} 27. Rc2 {[%emt 0:01:10]} Rdc8 {[%emt 0:02:26]} 28. f3 {[%emt 0:02:38]} Bd8 {[%emt 0:02:27]} 29. Qd3 {[%emt 0:05:43]} Bb6 {[%emt 0:00:39]} 30. Rdc1 {[%emt 0:00:30]} Bc5 {[%emt 0:05:49]} 31. Bd5 {[%emt 0:04:34]} R6c7 {[%emt 0:01:44]} 32. Rd1 {[%emt 0:02:49]} Qa3 {[%emt 0:00:36]} 33. Qe2 {[%emt 0:02:39]} Bd4 {[%emt 0:02:08]} 34. Rxc7 {[%emt 0:00:18]} Rxc7 {[%emt 0:00:03]} 35. Bc4 {[%emt 0:01:47]} Rxc4 {[%emt 0:01:00]} 36. bxc4 {[%emt 0:00:12]} b3 {[%emt 0:00:04]} 37. Rxd4 {[%emt 0:06:56]} exd4 {[%emt 0:00:39]} 38. axb3 {[%emt 0:01:21]} Qxb3+ {[%emt 0:00:04]} 39. Kc1 {[%emt 0:01:02]} Qc3+ {[%emt 0:03:13]} 40. Kd1 {[%emt 0:00:00]} h5 {[%emt 0:00:00]} 41. f4 {[%emt 0:02:35]} d3 {[%emt 0:05:23]} 42. Qa2 {[%emt 0:02:05]} Kh7 {[%emt 0:00:34]} 43. e5 {[%emt 0:01:38]} dxe5 {[%emt 0:00:50]} 44. fxe5 {[%emt 0:00:09]} Qxe5 {[%emt 0:00:10]} 45. Qf2 {[%emt 0:01:06]} Qa1+ {[%emt 0:01:53]} 46. Kd2 {[%emt 0:00:09]} Qb2+ {[%emt 0:00:03]} 47. Ke3 {[%emt 0:00:22]} Qb6+ {[%emt 0:00:02]} 48. Kf3 {[%emt 0:00:17]} Qc6+ {[%emt 0:00:07]} 49. Ke3 {[%emt 0:00:08]} Qc5+ {[%emt 0:00:05]} 50. Kf3 {[%emt 0:00:18]} Qxc4 {[%emt 0:00:03]} 51. Qe3 {[%emt 0:00:34]} Qd5+ {[%emt 0:00:13]} 52. Kf2 {[%emt 0:00:24]} d2 {[%emt 0:00:04]} 0-1

[Event "EYCC Open-U14 2019"]
[Site "Bratislava"]
[Date "2019.08.10"]
[Round "9.19"]
[White "Bochnicka, Vladimir"]
[Black "Kristoferitsch, Daniel"]
[Result "1/2-1/2"]
[WhiteElo "2169"]
[BlackElo "2108"]
[Annotator "NA"]
[PlyCount "126"]
[EventDate "2019.08.02"]
[EventType "swiss"]
[EventCountry "SVK"]
[SourceTitle "playchess.com"]
[Source "ChessBase"]
[SourceQuality "1"]
[TimeControl "40/5400+30:1800+30"]

1. e4 {[%emt 0:00:00]} e5 {[%emt 0:00:00]} 2. Nf3 {[%emt 0:00:00]} Nc6 {[%emt 0:00:00]} 3. Bc4 {[%emt 0:00:00]} Bc5 {[%emt 0:00:00]} 4. c3 {[%emt 0:00:02]} Nf6 {[%emt 0:00:00]} 5. d3 {[%emt 0:00:06]} d6 {[%emt 0:00:09]} 6. Nbd2 {[%emt 0:00:10]} O-O {[%emt 0:00:07]} 7. O-O {[%emt 0:00:19]} a5 8. a4 {[%emt 0:00:48]} Be6 {[%emt 0:01:38]} 9. Bb3 {[%emt 0:00:40]} Bxb3 {[%emt 0:14:23]} 10. Qxb3 {[%emt 0:01:37]} Qb8 {[%emt 0:00:24]} 11. Nc4 {[%emt 0:01:58]} Qa7 {[%emt 0:05:34]} 12. Be3 {[%emt 0:06:51]} Bxe3 {[%emt 0:06:52]} 13. Nxe3 {[%emt 0:00:19]} Ne7 {[%emt 0:00:09]} 14. Nh4 {[%emt 0:05:05]} g6 {[%emt 0:02:52]} 15. Qd1 {[%emt 0:03:01]} Kg7 {[%emt 0:08:44]} 16. h3 {[%emt 0:03:50]} d5 {[%emt 0:03:18]} 17. Qf3 {[%emt 0:05:19]} dxe4 {[%emt 0:03:58]} 18. dxe4 {[%emt 0:00:07]} Qc5 {[%emt 0:00:59]} 19. Rad1 {[%emt 0:13:51]} Rad8 {[%emt 0:08:11]} 20. Ng4 {[%emt 0:02:21]} Nxg4 {[%emt 0:06:19]} 21. Qxg4 {[%emt 0:01:18]} Qc6 {[%emt 0:02:47]} 22. f4 {[%emt 0:13:29]} Rxd1 {[%emt 0:05:10]} 23. Rxd1 {[%emt 0:01:02]} Qxe4 {[%emt 0:00:26]} 24. Rd7 {[%emt 0:00:41]} Ng8 {[%emt 0:04:20]} 25. fxe5 {[%emt 0:02:01]} Qe1+ {[%emt 0:01:54]} 26. Kh2 {[%emt 0:00:06]} Qxe5+ {[%emt 0:00:07]} 27. Qg3 {[%emt 0:00:10]} Qxg3+ {[%emt 0:00:56]} 28. Kxg3 {[%emt 0:00:01]} Rc8 {[%emt 0:00:14]} 29. Nf3 {[%emt 0:03:17]} Nf6 {[%emt 0:06:14]} 30. Re7 {[%emt 0:00:31]} Ne8 {[%emt 0:04:25]} 31. Re5 {[%emt 0:07:35]} Ra8 {[%emt 0:04:35]} 32. Kf4 {[%emt 0:01:38]} Nd6 {[%emt 0:01:44]} 33. Rc5 {[%emt 0:06:39]} c6 {[%emt 0:02:33]} 34. Nd4 {[%emt 0:01:11]} Kf6 {[%emt 0:04:21]} 35. g4 {[%emt 0:03:16]} h6 {[%emt 0:00:10]} 36. h4 {[%emt 0:00:22]} Ke7 {[%emt 0:01:19]} 37. Nb3 {[%emt 0:01:16]} Kd7 {[%emt 0:00:59]} 38. Rxa5 {[%emt 0:01:47]} Rxa5 {[%emt 0:00:33]} 39. Nxa5 {[%emt 0:00:01]} b6 {[%emt 0:00:13]} 40. Nb3 {[%emt 0:00:00]} Nc4 {[%emt 0:00:00]} 41. a5 {[%emt 0:22:33]} bxa5 {[%emt 0:18:09]} 42. Nc5+ {[%emt 0:00:42]} Kd6 {[%emt 0:00:13]} 43. Ne4+ {[%emt 0:00:35]} Ke6 {[%emt 0:01:23]} 44. b3 {[%emt 0:00:56]} Nd6 {[%emt 0:03:24]} 45. Nc5+ {[%emt 0:03:26]} Kd5 {[%emt 0:00:51]} 46. Nd7 {[%emt 0:00:19]} f5 {[%emt 0:06:08]} 47. g5 {[%emt 0:08:56]} Ke6 {[%emt 0:04:05]} 48. Ne5 {[%emt 0:03:45]} hxg5+ {[%emt 0:00:03]} 49. hxg5 {[%emt 0:00:02]} Ne4 {[%emt 0:00:33]} 50. Nxc6 {[%emt 0:02:21]} Nxc3 {[%emt 0:00:04]} 51. Nxa5 {[%emt 0:00:02]} Nd5+ {[%emt 0:00:34]} 52. Kf3 {[%emt 0:00:19]} Nb4 {[%emt 0:00:57]} 53. Nc4 {[%emt 0:01:11]} Nd5 {[%emt 0:00:35]} 54. Kg3 {[%emt 0:04:57]} Nc7 {[%emt 0:00:48]} 55. Kf4 {[%emt 0:00:23]} Nd5+ {[%emt 0:01:08]} 56. Kf3 {[%emt 0:00:01]} Nc7 {[%emt 0:00:14]} 57. Ke3 {[%emt 0:00:43]} Kd5 {[%emt 0:00:21]} 58. Nd2 {[%emt 0:01:07]} Kc5 {[%emt 0:00:53]} 59. Nf3 {[%emt 0:01:37]} Ne6 {[%emt 0:00:23]} 60. Nh4 {[%emt 0:01:19]} Nxg5 {[%emt 0:00:19]} 61. Nxg6 {[%emt 0:00:09]} f4+ {[%emt 0:00:55]} 62. Nxf4 {[%emt 0:00:11]} Kb4 {[%emt 0:00:09]} 63. Ne2 {[%emt 0:00:09]} Kxb3 {[%emt 0:00:09] Ke4} 1/2-1/2

[Event "EYCC Open-U14 2019"]
[Site "Bratislava"]
[Date "2019.08.10"]
[Round "9.20"]
[White "Antal, Hunor-Zoltan"]
[Black "Fule, Simon"]
[Result "0-1"]
[WhiteElo "1980"]
[BlackElo "2184"]
[Annotator "NA"]
[PlyCount "90"]
[EventDate "2019.08.02"]
[EventType "swiss"]
[EventCountry "SVK"]
[SourceTitle "playchess.com"]
[Source "ChessBase"]
[SourceQuality "1"]
[TimeControl "40/5400+30:1800+30"]

1. e4 {[%emt 0:00:00]} e5 {[%emt 0:00:00]} 2. Nf3 {[%emt 0:00:00]} Nc6 {[%emt 0:00:00]} 3. Bb5 {[%emt 0:00:00]} a6 {[%emt 0:00:00]} 4. Ba4 {[%emt 0:00:00]} Nf6 {[%emt 0:00:00]} 5. d3 {[%emt 0:00:05]} d6 {[%emt 0:00:08]} 6. c4 {[%emt 0:00:20]} g6 {[%emt 0:02:56]} 7. Nc3 {[%emt 0:01:24]} Bg7 {[%emt 0:00:15]} 8. O-O {[%emt 0:00:36]} O-O {[%emt 0:00:31]} 9. h3 {[%emt 0:00:36]} h6 {[%emt 0:03:35]} 10. Be3 {[%emt 0:00:07]} Be6 {[%emt 0:00:18]} 11. Qe2 {[%emt 0:04:21]} Nd7 {[%emt 0:03:44]} 12. Bxc6 {[%emt 0:00:26]} bxc6 {[%emt 0:00:02]} 13. d4 {[%emt 0:00:31]} f5 {[%emt 0:04:38]} 14. d5 {[%emt 0:03:45]} cxd5 {[%emt 0:00:27]} 15. cxd5 {[%emt 0:00:23]} Bf7 {[%emt 0:00:40]} 16. Rfd1 {[%emt 0:20:58]} f4 {[%emt 0:03:33]} 17. Bd2 {[%emt 0:00:05]} g5 {[%emt 0:00:10]} 18. Ne1 {[%emt 0:08:24]} h5 {[%emt 0:04:46]} 19. Rac1 {[%emt 0:00:17]} Nf6 {[%emt 0:00:47]} 20. Qc4 {[%emt 0:03:14]} g4 {[%emt 0:03:51]} 21. hxg4 {[%emt 0:00:09]} hxg4 {[%emt 0:01:06]} 22. Ne2 {[%emt 0:02:00]} c5 {[%emt 0:07:50]} 23. b4 {[%emt 0:05:08]} Be8 {[%emt 0:04:04]} 24. Nc3 {[%emt 0:07:29]} cxb4 {[%emt 0:29:03]} 25. Qxb4 {[%emt 0:00:08]} Nh5 {[%emt 0:00:06]} 26. f3 {[%emt 0:15:46]} Rb8 {[%emt 0:05:15]} 27. Qc4 {[%emt 0:01:53]} Qb6+ {[%emt 0:10:01]} 28. Kh2 {[%emt 0:00:32]} g3+ {[%emt 0:08:37]} 29. Kh1 {[%emt 0:01:40]} Rf6 {[%emt 0:00:38]} 30. Rb1 {[%emt 0:01:30]} Bb5 {[%emt 0:00:12]} 31. Nxb5 {[%emt 0:00:39]} axb5 {[%emt 0:00:02]} 32. Qc6 {[%emt 0:03:56]} Qa7 {[%emt 0:00:05]} 33. Bc3 {[%emt 0:04:11]} Rh6 {[%emt 0:00:48]} 34. Bd4 {[%emt 0:00:06]} exd4 {[%emt 0:00:06]} 35. Nd3 {[%emt 0:00:06]} Qxa2 {[%emt 0:01:06]} 36. Rb2 {[%emt 0:00:25]} Qa8 {[%emt 0:02:59]} 37. Rxb5 {[%emt 0:00:56]} Rc8 {[%emt 0:00:08]} 38. Qb6 {[%emt 0:02:17]} Nf6+ {[%emt 0:03:10]} 39. Kg1 {[%emt 0:00:02]} Nd7 {[%emt 0:00:08]} 40. Qb7 {[%emt 0:00:00]} Qxb7 {[%emt 0:00:00]} 41. Rxb7 {[%emt 0:00:15]} Nc5 {[%emt 0:00:25]} 42. Rc1 {[%emt 0:00:32]} Ra8 {[%emt 0:00:34]} 43. Nxc5 {[%emt 0:00:23]} dxc5 {[%emt 0:00:01]} 44. Re7 {[%emt 0:00:59]} Kf8 {[%emt 0:01:49]} 45. Rc7 {[%emt 0:00:16]} d3 {[%emt 0:00:11]} 0-1

[Event "EYCC Open-U14 2019"]
[Site "Bratislava"]
[Date "2019.08.10"]
[Round "9.21"]
[White "Kusa, Jakub"]
[Black "Vaupot, Luka"]
[Result "1-0"]
[WhiteElo "2199"]
[BlackElo "1939"]
[Annotator "TA"]
[PlyCount "91"]
[EventDate "2019.08.02"]
[EventType "swiss"]
[EventCountry "SVK"]
[SourceTitle "playchess.com"]
[Source "ChessBase"]
[SourceQuality "1"]

{[%evp 26,91,33,12,8,0,9,0,40,26,27,19,32,35,50,20,14,0,22,0,0,-10,25,6,40,33,45,51,52,12,125,106,223,208,208,207,206,203,214,198,237,188,179,195,220,233,269,252,410,410,405,384,363,362,341,332,410,410,920,864,29989,29990,29990,29990,29991,29987,29987,29988]} 1. e4 e6 2. d4 d5 3. Nd2 Nf6 4. e5 Nfd7 5. Bd3 c5 6. c3 Nc6 7. Ne2 cxd4 8. cxd4 f6 9. exf6 Nxf6 10. O-O Bd6 11. Nf3 Qc7 12. h3 O-O 13. Be3 Bd7 14. Rc1 Be8 {C06: French Tarrasch: 3...Nf6 4 e5 Nfd7 5 Bd3 main lines} (14... Rae8 15. a3 Qb8 16. Nc3 Re7 17. Re1 Be8 18. Nb5 Bf4 19. Qd2 Nh5 20. b4 a6 21. Nc3 Bd7 22. Bb1 Be8 {1-0 (52) Sychev,K (2537)-Sanikidze,T (2507) St Petersburg 2018}) 15. Ng5 Qe7 16. a3 Bh5 {The position is equal.} 17. f4 h6 18. Nf3 $1 Ne4 19. Bxe4 $146 ({Predecessor:} 19. Qc2 g5 20. g4 gxf4 21. Bxe4 Bxg4 22. hxg4 fxe3 23. Bxd5 exd5 {1-0 (54) Zelbel,P (2418)-Larino Nieto,D (2423) Maia 2018}) 19... dxe4 20. Nd2 Rad8 21. Qe1 Qc7 22. g4 Bg6 23. Qf2 Qb8 24. Nc4 e5 {[#] And now ...exd4 would win.} 25. dxe5 Nxe5 26. Nxe5 Bxe5 27. Bxa7 (27. Nd4 $5 {[%cal Rd4e6]}) 27... Qd6 (27... Qa8 $1 $11) 28. Bc5 Qd2 (28... Qd3 $16) 29. Bxf8 $18 Rxf8 30. Rfd1 Qxb2 {[#]} 31. Qe3 $1 Bf6 {If only Black now had time for ...Ra8....} 32. Rb1 Qa2 33. Qb3+ Qxb3 34. Rxb3 Ra8 35. Rxb7 Bf7 36. Ng3 Ra4 $2 (36... e3 37. Rc1 Bg6) 37. Rb4 Rxa3 38. Nxe4 Bh4 39. Rb8+ Kh7 40. f5 Re3 41. Rd7 Rxe4 (41... Be6 $142 42. fxe6 Rxe4) 42. Rxf7 {Rff8 would kill now.} Bf6 43. Rff8 {[%csl Gb8][%cal Rf8h8] White mates.} Bd4+ 44. Kf1 {[%csl Gb8][%cal Rf8h8]} g5 45. Rf7+ Bg7 46. Rbb7 {Accuracy: White = 56%, Black = 30%.} 1-0

[Event "EYCC Open-U14 2019"]
[Site "Bratislava"]
[Date "2019.08.10"]
[Round "9.22"]
[White "Luczak, Filip"]
[Black "Andrijashkin, Deniss"]
[Result "1-0"]
[WhiteElo "2144"]
[BlackElo "1862"]
[Annotator "TA"]
[PlyCount "139"]
[EventDate "2019.08.02"]
[EventType "swiss"]
[EventCountry "SVK"]
[SourceTitle "playchess.com"]
[Source "ChessBase"]
[SourceQuality "1"]

{[%evp 17,139,43,35,29,74,65,90,97,85,103,117,83,129,129,153,163,198,124,175,179,188,153,193,86,101,93,141,76,66,60,141,134,138,128,181,165,232,266,303,267,264,115,131,100,100,97,128,66,66,66,56,60,58,59,76,62,85,78,179,67,81,0,0,0,0,0,0,0,0,0,55,11,31,50,167,152,183,183,264,237,276,206,223,225,331,326,391,405,381,383,453,274,596,604,595,560,556,551,534,516,476,381,299,80,80,8,8,8,14,8,8,8,29979,29980,29980,29981,29981,29982,29983,29984,29987,29985,29981,29980]} 1. e4 e5 2. Nf3 Nc6 3. Bb5 a6 4. Ba4 d6 5. c3 Nge7 6. d4 Bd7 7. O-O g6 8. dxe5 dxe5 9. Bg5 Bg7 10. Qd2 {C76: Ruy Lopez: Deferred Steinitz: 5 c3 Bd7 6 d4 g6} (10. Nbd2 h6 11. Bh4 g5 12. Bg3 Ng6 13. Ne1 Qf6 14. Nd3 Rd8 15. f3 O-O 16. Qc2 Nf4 17. Nxf4 exf4 18. Bf2 {0-1 (43) Sivuk,V (2554)-Demchenko,A (2583) Moscow 2016}) 10... b5 11. Bb3 $146 ({Predecessor:} 11. Bc2 Bg4 12. Qxd8+ Rxd8 13. Nbd2 O-O 14. h3 Be6 15. Bb3 Bc8 16. Rfd1 h6 17. Be3 Na5 {0-1 (44) Aganesova,E (2038)-Semenova,I (2270) Moscow 2008}) 11... Na5 12. Bh6 {White is better.} Nxb3 13. axb3 Bf6 14. b4 Nc6 15. Na3 Be6 16. Qe3 Qe7 17. Rfd1 (17. Nxb5 $18 Bc4 {[%mdl 64] Double Attack} 18. Rfc1) 17... Rb8 (17... Rd8 $16) 18. Nc2 $18 Ra8 19. Ra3 Rg8 {intending ...g5.} 20. Bg5 (20. h4 $1 $18) 20... Bxg5 $16 21. Nxg5 Bc8 22. Qg3 (22. Nxh7 $6 f6 $11) ({White should play} 22. c4) 22... f6 23. Nf3 Qe6 (23... Kf7 $14) 24. Ne3 Ne7 25. Ne1 Bb7 (25... Qc6 $16) 26. Nd3 $18 Kf7 (26... Rd8 {keeps fighting.} 27. Raa1 Rxd3 28. Rxd3 Bxe4) 27. Nc5 {[%mdl 64] Double Attack} Qb6 28. Qh4 (28. Rd7 Rad8 $16) 28... h5 29. Rd7 (29. f4 $18 {has better winning chances.} exf4 30. Qxf4) 29... Rad8 $16 30. Ra1 {Hoping for Rad1.} Rxd7 31. Nxd7 Qc6 32. Rd1 ({Better is} 32. Nc5 $16) 32... Bc8 33. Nc5 a5 34. f4 axb4 35. cxb4 {Black must now prevent fxe5.} exf4 36. Qxf4 Kg7 37. e5 Rf8 (37... Re8 $16) 38. Rf1 (38. Ne4 $1 $18 Ng8 39. Nd5) 38... Nf5 {[#]} 39. e6 (39. Ne4 $1 $16) 39... Bxe6 $11 40. Nxe6+ Qxe6 41. Nxf5+ gxf5 42. Qxc7+ {[%mdl 4096] Endgame KQR-KQR} Rf7 43. Qc5 Re7 (43... Kg6 $11) 44. Qxb5 Qe3+ 45. Kh1 Qe2 (45... Re5 $14 46. Qc4 Qd2) 46. Qxf5 $18 Qxb2 47. b5 Re2 (47... Qd4 $142 48. h3 (48. Qxh5 Re5 $16) 48... Re3) 48. Qd7+ Kg6 49. Qd3+ Kg7 50. Qg3+ Kh6 (50... Kh7 $142 51. Qc7+ Kg6) 51. h3 Re6 52. Qf4+ Kg7 53. Qf5 Rb6 54. Rb1 Qe5 $2 (54... Qe2 55. Ra1 Rb7) 55. Qxe5 fxe5 {KR-KR} 56. g3 Kf6 57. Kg2 e4 58. Kf2 Ke5 59. Rb4 Kf5 60. Ke3 $2 (60. Rb2 $18 {is more deadly.}) 60... Rg6 $16 {[#]} 61. b6 ({Much weaker is} 61. Rxe4 Rxg3+ 62. Kd4 Rxh3 $11) ({White should try} 61. g4+ $1 $16 hxg4 62. b6 (62. Rxe4 gxh3 63. Rh4 Rg3+ 64. Kd4 Rg4+ 65. Rxg4 Kxg4 $11) 62... gxh3 63. b7 (63. Rb5+ Kg4 $11) 63... Rg3+ 64. Ke2 Rg2+ 65. Kf1) 61... Rxg3+ $11 62. Kf2 Rg8 63. b7 Rb8 64. Ke3 Kg5 $2 {[%mdl 8192]} (64... h4 $11) 65. Kxe4 {White mates.} Kh4 66. Rb3 Kg5 67. Kd5 Kh4 68. Kc6 Rh8 69. Kc7 Rh7+ 70. Kb6 {Accuracy: White = 45%, Black = 45%.} 1-0

[Event "EYCC Open-U14 2019"]
[Site "Bratislava"]
[Date "2019.08.10"]
[Round "9.23"]
[White "Kalosha, Zhiulien Oleksii"]
[Black "Liu, Casper"]
[Result "0-1"]
[WhiteElo "1936"]
[BlackElo "2194"]
[Annotator "TA"]
[PlyCount "36"]
[EventDate "2019.08.02"]
[EventType "swiss"]
[EventCountry "SVK"]
[SourceTitle "playchess.com"]
[Source "ChessBase"]
[SourceQuality "1"]

{[%evp 18,80,27,24,13,-27,0,-71,-4,-200,-196,-248,-247,-283,-293,-301,-293,-284,-286,-239,-127,-121,-122,-206,-102,-151,-174,-181,-171,-175,-179,-156,-138,-419,-373,-537,-327,-327,-331,-332,-344,-343,-329,-406,-400,-426,-422,-452,-431,-420,-433,-478,-479,-483,-477,-457,-420,-464,-404,-741,-723,-6552,-6544,-1421,-1316]} 1. e4 c5 2. Nf3 d6 3. d4 cxd4 4. Nxd4 Nf6 5. Nc3 Nc6 6. f3 e5 7. Nb3 Be7 8. Be3 O-O 9. Qd2 Be6 10. O-O-O a5 {B56: Classical Sicilian: Unusual Lines} 11. Na4 (11. Bb5 a4 12. Bxa4 Nb4 13. a3 Na2+ 14. Nxa2 Rxa4 15. Nc3 Rc4 16. Kb1 Qa8 17. Bg5 Rfc8 18. Bxf6 Bxf6 19. Qxd6 {1-0 (43) Bacrot,E (2677)-Kozul,Z (2612) Zagreb 2018}) 11... Nb4 12. Kb1 (12. a3 $1 $11 Rc8 13. Na1) 12... d5 (12... Nxa2 $1 $17 13. Nb6 (13. Kxa2 Qe8 $17) 13... Nb4) 13. exd5 $146 (13. Nbc5 $11) ({Predecessor:} 13. c3 Nc6 14. Nb6 a4 15. Nc5 Qxb6 16. Nxe6 d4 17. cxd4 exd4 18. Nxd4 {1-0 (42) Zizlova,S (2199)-Guliev,L (2447) St Petersburg 2011}) 13... Nfxd5 $19 14. Bb5 (14. Bc4 $142 Nxe3 15. Qxe3) 14... Rc8 ({Not} 14... Nxe3 15. Qxe3 Qc7 16. Qc3 $15) 15. Bd3 Qe8 16. Nb6 Nxb6 17. Bxb6 Qa4 18. a3 Rc6 {Played: Nb4xc2} 0-1

[Event "EYCC Open-U14 2019"]
[Site "Bratislava"]
[Date "2019.08.10"]
[Round "9.24"]
[White "Sahakyan, Aleks"]
[Black "Czernek, Tymon"]
[Result "0-1"]
[WhiteElo "1856"]
[BlackElo "2003"]
[Annotator "NA RC"]
[PlyCount "58"]
[EventDate "2019.08.02"]
[EventType "swiss"]
[EventCountry "SVK"]
[SourceTitle "playchess.com"]
[Source "ChessBase"]
[SourceQuality "1"]
[TimeControl "40/5400+30:1800+30"]

1. e4 {[%emt 0:00:00]} c5 {[%emt 0:00:00]} 2. Nf3 {[%emt 0:00:00]} Nc6 {[%emt 0:00:00]} 3. Bb5 {[%emt 0:00:00]} a6 {[%emt 0:02:01]} 4. Bxc6 {[%emt 0:00:00]} bxc6 {[%emt 0:00:04]} 5. O-O {[%emt 0:00:09]} d6 {[%emt 0:01:22]} 6. Re1 {[%emt 0:04:06]} e5 {[%emt 0:05:38]} 7. h3 {[%emt 0:02:47]} Be7 {[%emt 0:01:02]} 8. c3 {[%emt 0:00:24]} Bf6 {[%emt 0:07:28]} 9. d4 {[%emt 0:05:13]} cxd4 {[%emt 0:00:14]} 10. cxd4 {[%emt 0:00:13]} exd4 {[%emt 0:00:11]} 11. Nxd4 {[%emt 0:01:09]} Ne7 {[%emt 0:00:26]} 12. Nc3 {[%emt 0:00:41]} O-O {[%emt 0:01:00]} 13. Bf4 {[%emt 0:00:35]} Qb6 {[%emt 0:12:42]} 14. Nb3 {[%emt 0:02:34]} Be5 {[%emt 0:03:45]} 15. Bxe5 {[%emt 0:03:35]} dxe5 {[%emt 0:00:07]} 16. Qd6 {[%emt 0:00:02]} Ng6 {[%emt 0:00:20]} 17. Nd5 {[%emt 0:00:15]} Qb7 {[%emt 0:02:15]} 18. Nc5 {[%emt 0:02:20]} Qxb2 {[%emt 0:02:32]} 19. Rab1 {[%emt 0:04:48]} Qxa2 {[%emt 0:02:00]} 20. Nb6 {[%emt 0:01:36]} Ra7 {[%emt 0:02:49]} 21. Qxc6 {[%emt 0:10:34]} Be6 {[%emt 0:01:55]} 22. Nbd7 {[%emt 0:03:01]} Rd8 {[%emt 0:02:34]} 23. Red1 {[%emt 0:03:46]} Bxd7 {[%emt 0:04:19]} 24. Nxd7 {[%emt 0:00:51]} Raxd7 {[%emt 0:01:55]} 25. Qxd7 {[%emt 0:00:39]} Rxd7 {[%emt 0:00:09]} 26. Rb8+ {[%emt 0:00:04]} Nf8 {[%emt 0:00:05]} 27. Rxd7 {[%emt 0:00:04]} g6 {[%emt 0:00:47]} 28. Rdd8 {[%emt 0:00:04]} Qa1+ {[%emt 0:00:18]} 29. Kh2 {[%emt 0:00:02]} Qa3 {[%emt 0:00:05]} 0-1

[Event "EYCC Open-U14 2019"]
[Site "Bratislava"]
[Date "2019.08.10"]
[Round "9.25"]
[White "Brnusak, Tomas"]
[Black "Vojta, Jakub"]
[Result "0-1"]
[WhiteElo "2032"]
[BlackElo "2238"]
[Annotator "TA"]
[PlyCount "104"]
[EventDate "2019.08.02"]
[EventType "swiss"]
[EventCountry "SVK"]
[SourceTitle "playchess.com"]
[Source "ChessBase"]
[SourceQuality "1"]

{[%evp 18,120,10,25,21,-23,0,0,0,-11,45,53,44,-49,33,-52,0,-60,86,42,82,77,78,-394,-393,-396,-382,-369,-366,-487,-491,-485,-427,-432,-430,-431,-411,-387,-349,-327,-335,-337,-326,-406,-386,-383,-316,-391,-329,-344,-349,-404,-345,-396,-402,-383,-343,-410,-410,-436,-437,-420,-414,-456,-463,-437,-452,-486,-485,-574,-577,-569,-544,-29962,-29962,-5850,-5826,-29949,-901,-29971,-29972,-29974,-29974,-29975,-29976,-29974,-29977,-29974,-29978,-29979,-29980,-29979,-29980,-29984,-29985,-29982,-29981,-29986,-29987,-29988,-29989,-29989,-29990,-29990,-29991]} 1. c4 Nf6 2. Nc3 g6 3. g3 d5 4. cxd5 Nxd5 5. Bg2 Nb6 6. d3 Bg7 7. Nf3 Nc6 8. O-O O-O 9. Be3 e5 10. Qc1 Re8 {A16: English Opening: 1...Nf6 with ...d5} 11. Nd2 $146 ({Predecessor:} 11. Bh6 Bh8 12. Re1 Nd4 13. Nxd4 exd4 14. Ne4 c6 15. Bg5 f6 16. Bd2 Qe7 17. e3 Be6 18. exd4 {1-0 (34) Akopian,V (2691)-Cheparinov,I (2678) Khanty-Mansiysk 2013}) 11... f5 12. Nb3 Nd4 {The position is equal.} 13. Bg5 Nxb3 ({Black should try} 13... Qd7 $1 $11) 14. axb3 $14 Qd7 $1 15. e4 (15. Be3 $14) 15... c6 (15... f4 $1 $15 16. gxf4 h6) 16. Rd1 (16. exf5 $14 gxf5 17. Bh6) 16... Qf7 ({Better is} 16... f4 $1 $15 17. gxf4 h6) 17. b4 (17. exf5 $11 Bxf5 18. Ne4) 17... Qb3 (17... f4 $1 $15 {keeps the upper hand.} 18. gxf4 h6) 18. Bd2 Bd7 19. Nd5 fxe4 20. Ra3 $2 {[%mdl 8192]} (20. Nc7 $16) 20... Qxd5 $19 21. dxe4 Qe6 22. Be3 Qf7 23. Qa1 {White wants to play Bxb6.} Nc4 24. Rxa7 Rxa7 25. Qxa7 Be6 26. Bc1 {intending b3.} Qc7 27. Bf1 Qb6 28. Qxb6 Nxb6 29. b5 Bb3 30. Rd6 Bf8 31. Rf6 Re6 32. Rf3 Bc4 33. bxc6 Rxc6 {And now ...Bxf1 would win.} 34. Bxc4+ Nxc4 35. b3 Nd6 36. Ba3 Be7 37. Rd3 Kf7 38. f3 Ke6 39. h4 Ra6 40. Bb2 Ra2 41. Bc3 Rc2 42. Kf1 h5 43. Kg1 Nb5 44. Bxe5 Bc5+ 45. Kh1 Kxe5 46. Rd5+ Ke6 {( -> ...Nd4!)} 47. b4 Nc7 (47... Nd4 $142 48. Rxc5 Rxc5 49. bxc5 Nxf3 50. Kg2 Nd2 51. e5 Kxe5 52. Kf2 Ne4+ {[%mdl 64] Double Attack} 53. Kg2 Nxc5 54. Kf3 Kd4 55. Ke2 Kc3 56. Kf3 b5 57. Kf4 b4 58. g4 b3 59. Kg5 hxg4 60. h5 g3 61. h6 g2 62. h7 g1=Q+ 63. Kh6 Qd4 64. h8=R Qxh8+ 65. Kg5 b2 66. Kg4 b1=Q 67. Kg3 Qe1+ 68. Kg4 Qh5+ 69. Kf4 Qf5#) 48. Rxc5 Rxc5 {Black mates.} 49. bxc5 {[%mdl 4096] Endgame KN-KP} Na6 50. Kg2 Nxc5 51. Kf2 Ke5 52. Ke3 {[#]} b5 {Played: Nc5xe4} 0-1